Chủ nghĩa Mác - LêNin và tư tưởng Hồ Chí Minh về vấn đề dân tộc
TM tài liệu tham khảo tr. 156 - 159; Gồm 4 chương: Các Mác, PH. Ăngghen đặt những quan điểm nền móng cho vấn đề dân tộc; Lênin phát triển sáng tạo lý luận dân tộc; tư tưởng hoạt động về dân tộc; đường lối, chính sách dân tộc của Đảng và...
Guardado en:
| Autor principal: | |
|---|---|
| Formato: | Libro |
| Lenguaje: | Undetermined |
| Publicado: |
Lao động
2009
|
| Materias: | |
| Acceso en línea: | http://lrc.tdmu.edu.vn/opac/search/detail.asp?aID=2&ID=35339 |
| Etiquetas: |
Agregar Etiqueta
Sin Etiquetas, Sea el primero en etiquetar este registro!
|
| Thư viện lưu trữ: | Trung tâm Học liệu Trường Đại học Thủ Dầu Một |
|---|
| LEADER | 01264nam a2200193Ia 4500 | ||
|---|---|---|---|
| 001 | TDMU_35339 | ||
| 008 | 210410s9999 xx 000 0 und d | ||
| 082 | |a 338 | ||
| 090 | |b NG527 | ||
| 100 | |a Nguyễn, Thế Thắng | ||
| 245 | 0 | |a Chủ nghĩa Mác - LêNin và tư tưởng Hồ Chí Minh về vấn đề dân tộc | |
| 245 | 0 | |c Nguyễn Thế Thắng | |
| 260 | |b Lao động | ||
| 260 | |c 2009 | ||
| 300 | |a 162 tr | ||
| 520 | |a TM tài liệu tham khảo tr. 156 - 159; Gồm 4 chương: Các Mác, PH. Ăngghen đặt những quan điểm nền móng cho vấn đề dân tộc; Lênin phát triển sáng tạo lý luận dân tộc; tư tưởng hoạt động về dân tộc; đường lối, chính sách dân tộc của Đảng và Nhà nước ta; | ||
| 650 | |a Lý luận chính trị |x Chủ nghĩa MÁc - Ăng Ghen |x Tư tưởng Hồ Chí Minh |x Dân tộc; Tư tưởng Hồ Chí Minh |x Vấn đề dân tộc; Các Mác |x PH. Ăngghen |x Vấn đề dân tộc | ||
| 856 | |u http://lrc.tdmu.edu.vn/opac/search/detail.asp?aID=2&ID=35339 | ||
| 980 | |a Trung tâm Học liệu Trường Đại học Thủ Dầu Một | ||